00498nam a2200205Ia 4500008004100000020002200041050001700063050001600080100002200096245001900118245002100137260002000158260001200178260000900190300001600199300002600215300001100241500002000252650002000272160819s9999 xx 000 0 und d a978-0-600-61686-3 aCUL TX 724.5 b.I4V55 2007 aVijayakar, Sunil. aFresh Indian / cSunil Vijayakar. aGreat Britain : bHamlyn, c2007 a256 pages : bcolor illustrations ; c20 cm. aIncludes index. aCooking, Indie.